Library Banner

The World Bank research program 2002-03 (Record no. 30992)

MARC details
000 -LEADER
fixed length control field 00513nam a2200193Ia 4500
001 - CONTROL NUMBER
control field 30869
003 - CONTROL NUMBER IDENTIFIER
control field PK-LaUMT
005 - DATE AND TIME OF LATEST TRANSACTION
control field 20220902154340.0
008 - FIXED-LENGTH DATA ELEMENTS--GENERAL INFORMATION
fixed length control field 140416s9999 xx 000 0 und d
020 ## - INTERNATIONAL STANDARD BOOK NUMBER
International Standard Book Number 0-8213-5936-3
040 ## - CATALOGING SOURCE
Transcribing agency PK-LaUMT
082 ## - DEWEY DECIMAL CLASSIFICATION NUMBER
Classification number W 300.072
Item number WOR-
110 ## - MAIN ENTRY--CORPORATE NAME
Corporate name or jurisdiction name as entry element World Bank
245 #4 - TITLE STATEMENT
Title The World Bank research program 2002-03
Remainder of title abstracts of current studies
Statement of responsibility, etc World Bank
260 ## - PUBLICATION, DISTRIBUTION, ETC. (IMPRINT)
Place of publication, distribution, etc Washington,USA:
Name of publisher, distributor, etc World Bank,
Date of publication, distribution, etc 2004
300 ## - PHYSICAL DESCRIPTION
Extent 200 p.
546 ## - LANGUAGE NOTE
Language note EN
942 ## - ADDED ENTRY ELEMENTS (KOHA)
Koha item type Permanently weeded out collection
Source of classification or shelving scheme Dewey Decimal Classification
Holdings
Withdrawn status Lost status Source of classification or shelving scheme Damaged status Not for loan Home library Current library Date acquired Total Checkouts Full call number Barcode Date last seen Price effective from Koha item type
    Dewey Decimal Classification     UMT Main Campus UMT Main Campus 2014-04-16   W 300.072 WOR- 37531 2014-05-03 2014-05-03 Books
    Dewey Decimal Classification     UMT Main Campus UMT Main Campus 2014-06-23   W 300.072 WOR- 37532 2014-06-23 2014-06-23 Books